000 00372nam a2200133 a 4500
005 20140414131855.0
008 100901s19uu xx 00 eng d
050 _aFIL
_bD54 2004
100 _aMagnuson, Robert
245 _aDiego and Marie :
_bA secret sense of home.
260 _aManila, Philippines :
_bAdarna,
_c2004.
650 _aScience
_xadventure
999 _c110433
_d110433